[Event "Oberliga Nord O 2324"]
[Site "Germany"]
[Date "2024.04.28"]
[Round "9.2"]
[White "Seiler, Dirk"]
[Black "Kleeschaetzky, Rainer"]
[Result "0-1"]
[WhiteElo "2128"]
[BlackElo "2243"]
[PlyCount "98"]
[EventDate "2023.10.22"]
[EventType "team-tourn"]
[EventRounds "9"]
[EventCountry "GER"]
[SourceTitle "EXT 2025"]
[Source "ChessBase"]
[SourceDate "2024.10.14"]
[SourceVersion "1"]
[SourceVersionDate "2024.10.14"]
[SourceQuality "1"]
[WhiteTeam "Guestrow/Teterow"]
[BlackTeam "Forst"]
[WhiteTeamCountry "GER"]
[BlackTeamCountry "GER"]

1. e4 e6 2. d4 d5 3. Nc3 Bb4 4. exd5 exd5 5. Bd3 Nc6 6. a3 Bxc3+ 7. bxc3 Nf6 8. Ne2 0-0 9. 0-0 Na5 10. Bg5 Qd6 11. Bxf6 Qxf6 12. Ng3 c6 13. Re1 g6 14. Re3 Bd7 15. Qd2 Rae8 16. Rae1 Rxe3 17. Rxe3 Re8 18. Rxe8+ Bxe8 19. Qe3 Bd7 20. h3 b6 21. Qh6 Qe7 22. Nh5 f5 23. Nf4 Qxa3 24. h4 Qe7 25. h5 g5 26. Nh3 g4 27. Nf4 Nc4 28. Bxc4 dxc4 29. d5 cxd5 30. Nxd5 Qe1+ 31. Kh2 Qe5+ 32. Nf4 Kf7 33. Qxh7+ Qg7 34. Qxg7+ Kxg7 35. Kg3 Kh6 36. Nd5 Kg5 37. f4+ gxf3 38. gxf3 Bc6 39. h6 Kxh6 40. Ne7 Bd7 41. Kf4 a5 42. Ke5 a4 43. Nd5 a3 44. Nb4 Ba4 45. Kxf5 Bb3 46. Ke5 a2 47. Nxa2 Bxa2 48. Kd5 Kg5 49. Ke4 Bb1 0-1

[Event "Oberliga Nord O 2324"]
[Site "Germany"]
[Date "2024.02.25"]
[Round "6.2"]
[White "Maetzkow, Maximilian Paul"]
[Black "Seiler, Dirk"]
[Result "1-0"]
[WhiteElo "2237"]
[BlackElo "2128"]
[PlyCount "79"]
[EventDate "2023.10.22"]
[EventType "team-tourn"]
[EventRounds "9"]
[EventCountry "GER"]
[SourceTitle "EXT 2025"]
[Source "ChessBase"]
[SourceDate "2024.10.14"]
[SourceVersion "1"]
[SourceVersionDate "2024.10.14"]
[SourceQuality "1"]
[WhiteTeam "Kreuzberg"]
[BlackTeam "Guestrow/Teterow"]
[WhiteTeamCountry "GER"]
[BlackTeamCountry "GER"]

1. Nc3 c5 2. e4 Nc6 3. Nf3 a6 4. a4 d6 5. Bc4 Nf6 6. d3 e6 7. 0-0 Be7 8. Ne2 0-0 9. Ng3 Rb8 10. c3 b5 11. axb5 axb5 12. Bb3 Qc7 13. d4 c4 14. Bc2 Re8 15. Re1 e5 16. d5 Na5 17. h3 Bd7 18. Nh2 Nb7 19. f4 exf4 20. Bxf4 Nc5 21. Nf3 Ra8 22. Rxa8 Rxa8 23. Nd4 Re8 24. Qf3 Qb6 25. Kh1 b4 26. Ngf5 Bxf5 27. Nxf5 Bf8 28. Bg5 Ncd7 29. Ba4 Ra8 30. Bc6 Ra2 31. Bxf6 Nxf6 32. Rf1 bxc3 33. bxc3 Qb2 34. e5 dxe5 35. d6 Ra1 36. d7 Rxf1+ 37. Qxf1 Qd2 38. Nh6+ gxh6 39. Qxf6 Be7 40. Qxe7 1-0

[Event "Mecklenburg VP Verbandsliga 2223"]
[Site "Mecklenburg VP"]
[Date "2023.05.07"]
[Round "9.3"]
[White "Kliewe, Hans Juergen"]
[Black "Seiler, Dirk"]
[Result "1/2-1/2"]
[WhiteElo "2111"]
[BlackElo "2128"]
[PlyCount "29"]
[EventDate "2022.10.23"]
[EventType "team-tourn"]
[EventRounds "9"]
[EventCountry "GER"]
[SourceTitle "EXT 2024"]
[Source "ChessBase"]
[SourceDate "2023.10.10"]
[SourceVersion "1"]
[SourceVersionDate "2023.10.10"]
[SourceQuality "1"]
[WhiteTeam "Wismar ASV Gruen-Weiss"]
[BlackTeam "Guestrow/Teterow"]
[WhiteTeamCountry "GER"]
[BlackTeamCountry "GER"]

1. d4 Nf6 2. Bf4 e6 3. e3 c5 4. c3 b6 5. Nf3 Bb7 6. Nbd2 Be7 7. h3 d5 8. Bxb8 Qxb8 9. Bb5+ Kf8 10. Ne5 Qc7 11. 0-0 g6 12. f4 Kg7 13. Ndf3 h6 14. Qe1 Ne4 15. Nd2 1/2-1/2

[Event "Mecklenburg VP Verbandsliga 2223"]
[Site "Mecklenburg VP"]
[Date "2023.02.26"]
[Round "6.3"]
[White "Seiler, Dirk"]
[Black "Gazizov, Max"]
[Result "1-0"]
[WhiteElo "2128"]
[BlackElo "1689"]
[PlyCount "35"]
[EventDate "2022.10.23"]
[EventType "team-tourn"]
[EventRounds "9"]
[EventCountry "GER"]
[SourceTitle "EXT 2024"]
[Source "ChessBase"]
[SourceDate "2023.10.10"]
[SourceVersion "1"]
[SourceVersionDate "2023.10.10"]
[SourceQuality "1"]
[WhiteTeam "Guestrow/Teterow"]
[BlackTeam "Think Rochade"]
[WhiteTeamCountry "GER"]
[BlackTeamCountry "GER"]

1. d4 Nf6 2. Nf3 e6 3. Bg5 c5 4. e3 Be7 5. c3 d5 6. Nbd2 Nc6 7. Bd3 Nd7 8. Bf4 f6 9. e4 dxe4 10. Nxe4 cxd4 11. Nxd4 Nxd4 12. cxd4 Qb6 13. 0-0 Qxd4 14. Ng5 Qxf4 15. Qh5+ g6 16. Bxg6+ Kf8 17. Nxe6+ Kg8 18. Bf7# 1-0

[Event "Mecklenburg VP Verbandsliga 2223"]
[Site "Mecklenburg VP"]
[Date "2022.10.23"]
[Round "1.2"]
[White "Petrow, Jonas"]
[Black "Seiler, Dirk"]
[Result "1/2-1/2"]
[WhiteElo "1811"]
[BlackElo "2128"]
[PlyCount "70"]
[EventDate "2022.10.23"]
[EventType "team-tourn"]
[EventRounds "9"]
[EventCountry "GER"]
[SourceTitle "EXT 2024"]
[Source "ChessBase"]
[SourceDate "2023.10.10"]
[SourceVersion "1"]
[SourceVersionDate "2023.10.10"]
[SourceQuality "1"]
[WhiteTeam "Makkabi Rostock"]
[BlackTeam "Guestrow/Teterow"]
[WhiteTeamCountry "GER"]
[BlackTeamCountry "GER"]

1. d4 Nf6 2. c4 c5 3. d5 b5 4. cxb5 a6 5. bxa6 Bxa6 6. Nc3 g6 7. Nf3 d6 8. e4 Bxf1 9. Kxf1 Bg7 10. g3 0-0 11. Kg2 Na6 12. Re1 Nd7 13. Bf4 Qb8 14. Qe2 Rc8 15. e5 dxe5 16. Nxe5 Nxe5 17. Bxe5 Bxe5 18. Qxe5 Qxe5 19. Rxe5 Kf8 20. b3 Nb4 21. Re4 Rd8 22. Rc4 Ra5 23. Rd1 Nxa2 24. Nxa2 Rxa2 25. Rxc5 Rb2 26. Rd3 Rb8 27. Rcc3 Ke8 28. h4 h5 29. Kf3 Kd7 30. Ke3 Rb4 31. Kf3 Rb6 32. Kg2 Ra6 33. Rf3 f6 34. Rc4 Rb6 35. Rcc3 Ra6 1/2-1/2

[Event "Oberliga Nord O 2122"]
[Site "Germany"]
[Date "2022.03.20"]
[Round "7.2"]
[White "Rietze, Clemens"]
[Black "Seiler, Dirk"]
[Result "1-0"]
[WhiteElo "2279"]
[BlackElo "2112"]
[PlyCount "69"]
[EventDate "2021.10.31"]
[EventType "team-tourn"]
[EventRounds "9"]
[EventCountry "GER"]
[SourceTitle "EXT 2023"]
[Source "ChessBase"]
[SourceDate "2022.10.05"]
[SourceVersion "1"]
[SourceVersionDate "2022.10.05"]
[SourceQuality "1"]
[WhiteTeam "Koenig Tegel II"]
[BlackTeam "Guestrow/Teterow"]
[WhiteTeamCountry "GER"]
[BlackTeamCountry "GER"]

1. d4 Nf6 2. c4 c5 3. d5 b5 4. cxb5 a6 5. b6 d6 6. Nc3 Nbd7 7. e4 Nxb6 8. a4 g6 9. Be2 Bg7 10. Nf3 0-0 11. Nd2 Rb8 12. 0-0 Ne8 13. Qc2 Nc7 14. b3 a5 15. Bb2 Na6 16. Nc4 Nb4 17. Qd2 Nxc4 18. Bxc4 Ba6 19. Rab1 Bxc4 20. bxc4 Qd7 21. Nb5 Bxb2 22. Rxb2 Qg4 23. Re1 Qh4 24. Rb3 Qf6 25. Rbe3 Qe5 26. Rh3 Rbd8 27. f4 Qf6 28. g4 e5 29. f5 Qg7 30. Kh1 f6 31. fxg6 hxg6 32. Rf1 Qe7 33. Qh6 Qg7 34. Qxg7+ Kxg7 35. Nc7 1-0

[Event "Mecklenburg VP Verbandsliga 2021"]
[Site "Mecklenburg VP"]
[Date "2020.09.27"]
[Round "1.4"]
[White "Seiler, Dirk"]
[Black "Kunow, Frank"]
[Result "1-0"]
[WhiteElo "2122"]
[BlackElo "1885"]
[PlyCount "95"]
[EventDate "2020.09.27"]
[EventType "team-tourn"]
[EventRounds "9"]
[EventCountry "GER"]
[SourceTitle "EXT 2024"]
[Source "ChessBase"]
[SourceDate "2023.10.10"]
[SourceVersion "1"]
[SourceVersionDate "2023.10.10"]
[SourceQuality "1"]
[WhiteTeam "Guestrow/Teterow"]
[BlackTeam "Neubrandenburg SG Eintracht"]
[WhiteTeamCountry "GER"]
[BlackTeamCountry "GER"]

1. d4 Nf6 2. Nf3 e6 3. Bg5 h6 4. Bh4 b6 5. e3 c5 6. Nbd2 Bb7 7. Bd3 d5 8. c3 Be7 9. Ne5 0-0 10. f4 Nc6 11. Qe2 a5 12. 0-0 Nxe5 13. fxe5 Ne4 14. Bxe7 Qxe7 15. Bxe4 dxe4 16. Rf4 f5 17. exf6 Rxf6 18. Rxf6 Qxf6 19. Qg4 Qf5 20. Qxf5 exf5 21. Nc4 cxd4 22. cxd4 b5 23. Nd6 Bc8 24. Rc1 Be6 25. a3 b4 26. Rc5 bxa3 27. bxa3 g6 28. Kf2 a4 29. Rc7 Ra6 30. Nb7 Rb6 31. Nc5 Rb2+ 32. Kg3 Bb3 33. Rb7 g5 34. Nxa4 Rb1 35. Nc5 f4+ 36. exf4 gxf4+ 37. Kxf4 Rf1+ 38. Kxe4 Bc2+ 39. Ke3 Rg1 40. a4 Rxg2 41. a5 Bd1 42. a6 Re2+ 43. Kf4 Rf2+ 44. Ke5 Bf3 45. d5 Re2+ 46. Kd4 Rxh2 47. a7 Rh4+ 48. Ke3 1-0

[Event "Mecklenburg VP Verbandsliga 1920"]
[Site "Mecklenburg VP"]
[Date "2019.11.24"]
[Round "3.1"]
[White "Reyer, Ulli"]
[Black "Seiler, Dirk"]
[Result "1/2-1/2"]
[WhiteElo "2119"]
[BlackElo "2122"]
[PlyCount "21"]
[EventDate "2019.09.29"]
[EventType "team-tourn"]
[EventRounds "9"]
[EventCountry "GER"]
[SourceTitle "EXT 2023"]
[Source "ChessBase"]
[SourceDate "2022.10.05"]
[SourceVersion "1"]
[SourceVersionDate "2022.10.05"]
[SourceQuality "1"]
[WhiteTeam "Greifswald II"]
[BlackTeam "Guestrow/Teterow"]
[WhiteTeamCountry "GER"]
[BlackTeamCountry "GER"]

1. e4 e6 2. d4 d5 3. Nc3 Nf6 4. e5 Nfd7 5. f4 c5 6. Nf3 Nc6 7. Be3 Be7 8. dxc5 Bxc5 9. Bxc5 Nxc5 10. Qd2 0-0 11. 0-0-0 1/2-1/2

[Event "Oberliga Nord O 1819"]
[Site "Germany"]
[Date "2018.12.16"]
[Round "4.6"]
[White "Seiler, Dirk"]
[Black "Wiedersich, Jens"]
[Result "1-0"]
[WhiteElo "2116"]
[BlackElo "2090"]
[PlyCount "61"]
[EventDate "2018.10.21"]
[EventType "team-tourn"]
[EventRounds "9"]
[EventCountry "GER"]
[SourceTitle "EXT 2020"]
[Source "ChessBase"]
[SourceDate "2019.10.17"]
[SourceVersion "1"]
[SourceVersionDate "2019.10.17"]
[SourceQuality "1"]
[WhiteTeam "Guestrow/Teterow"]
[BlackTeam "Oberschoeneweide"]
[WhiteTeamCountry "GER"]
[BlackTeamCountry "GER"]

1. d4 Nf6 2. c4 c5 3. d5 b5 4. cxb5 a6 5. e3 axb5 6. Bxb5 Qa5+ 7. Nc3 Bb7 8. Nge2 Nxd5 9. 0-0 e6 10. e4 Nxc3 11. Nxc3 Qc7 12. Qg4 g6 13. Bf4 e5 14. Be3 Bg7 15. Rfd1 0-0 16. Bxd7 h5 17. Qh3 Na6 18. Bb5 Bc8 19. Qg3 Qb6 20. Bc4 Qb4 21. Bd5 Bb7 22. a3 Qxb2 23. Rab1 Qxc3 24. Rxb7 Qc2 25. Rc1 Qd3 26. Rb3 Qe2 27. Qxg6 Ra7 28. h3 Kh8 29. Qb6 Re7 30. Bc4 Qa2 31. Qxa6 1-0

[Event "Oberliga Nord O 1617"]
[Site "Germany"]
[Date "2017.02.19"]
[Round "6.2"]
[White "Kayser, Stefan"]
[Black "Seiler, Dirk"]
[Result "1-0"]
[WhiteElo "2121"]
[BlackElo "2132"]
[PlyCount "109"]
[EventDate "2016.10.16"]
[EventType "team-tourn"]
[EventRounds "9"]
[EventCountry "GER"]
[SourceTitle "EXT 2018"]
[Source "ChessBase"]
[SourceDate "2017.10.13"]
[SourceVersion "1"]
[SourceVersionDate "2017.10.13"]
[SourceQuality "1"]
[WhiteTeam "Oranienburg"]
[BlackTeam "Guestrow/Teterow"]
[WhiteTeamCountry "GER"]
[BlackTeamCountry "GER"]

1. Nf3 c5 2. c4 b6 3. g3 Bb7 4. Bg2 Nf6 5. 0-0 e6 6. b3 Be7 7. Bb2 0-0 8. Na3 a6 9. Nc2 d6 10. d4 cxd4 11. Ncxd4 Qc7 12. Rc1 Nbd7 13. b4 Rfe8 14. Qb3 Bf8 15. Rfd1 Rac8 16. Ne1 Bxg2 17. Nxg2 Qb7 18. Ne3 Ne5 19. b5 a5 20. f4 Ned7 21. Nc6 Nc5 22. Qc2 Nfe4 23. Ba3 f5 24. Bxc5 Nxc5 25. Nf1 Qf7 26. Nd2 Qh5 27. Nf3 Ne4 28. Kg2 Qg4 29. Qd3 Qg6 30. Qe3 d5 31. cxd5 exd5 32. Nfe5 Qe6 33. Qb3 Bc5 34. Qxd5 Qxd5 35. Rxd5 Nf6 36. Rd3 h5 37. Kf3 Ng4 38. h3 Nxe5+ 39. fxe5 g5 40. Rcd1 Kf7 41. Rd7+ Ke6 42. Rh7 Rh8 43. Rdd7 Rcf8 44. Rxh8 Rxh8 45. Rg7 g4+ 46. hxg4 hxg4+ 47. Kf4 Rf8 48. e4 fxe4+ 49. Kxe4 a4 50. Rg6+ Kd7 51. Kd5 Rf2 52. Rg7+ Ke8 53. Rxg4 Rxa2 54. Ke6 Kf8 55. Nb8 1-0

[Event "Oberliga Nord O 1617"]
[Site "Germany"]
[Date "2017.02.05"]
[Round "5.1"]
[White "Seiler, Dirk"]
[Black "Lerch, Philipp"]
[Result "0-1"]
[WhiteElo "2132"]
[BlackElo "2306"]
[PlyCount "72"]
[EventDate "2016.10.16"]
[EventType "team-tourn"]
[EventRounds "9"]
[EventCountry "GER"]
[SourceTitle "EXT 2018"]
[Source "ChessBase"]
[SourceDate "2017.10.13"]
[SourceVersion "1"]
[SourceVersionDate "2017.10.13"]
[SourceQuality "1"]
[WhiteTeam "Guestrow/Teterow"]
[BlackTeam "Kreuzberg"]
[WhiteTeamCountry "GER"]
[BlackTeamCountry "GER"]

1. d4 Nf6 2. c4 e6 3. Nc3 d5 4. Bg5 Nbd7 5. cxd5 exd5 6. e3 Be7 7. Bd3 0-0 8. Nf3 Re8 9. 0-0 Nf8 10. h3 Ne6 11. Bxf6 Bxf6 12. b4 Nf8 13. Qb3 Be6 14. b5 Ng6 15. Rfc1 Be7 16. a4 Bd6 17. a5 Qd7 18. Bf1 h6 19. Na4 b6 20. Nb2 Bf5 21. Nd3 Be4 22. Nd2 Nh4 23. Nxe4 dxe4 24. Ne5 Bxe5 25. dxe5 Rxe5 26. Qc3 Rg5 27. Kh1 Rc8 28. axb6 axb6 29. Qc6 Qf5 30. Ra8 Rxa8 31. Qxa8+ Kh7 32. Rxc7 Qxf2 33. Qxe4+ Nf5 34. Rc1 g6 35. Qf4 Ng3+ 36. Kh2 Nxf1+ 0-1

[Event "Mecklenburg VP VL 1213"]
[Site "Mecklenburg VP"]
[Date "2013.01.13"]
[Round "5.1"]
[White "Kesten, Sebastian"]
[Black "Seiler, Dirk"]
[Result "1-0"]
[WhiteElo "2218"]
[BlackElo "2076"]
[PlyCount "83"]
[EventDate "2012.10.14"]
[EventType "team-tourn"]
[EventRounds "9"]
[EventCountry "GER"]
[SourceTitle "EXT 2022"]
[Source "ChessBase"]
[SourceDate "2021.10.06"]
[SourceVersion "1"]
[SourceVersionDate "2021.10.06"]
[SourceQuality "1"]
[WhiteTeam "Schwerin SF"]
[BlackTeam "Guestrow/Teterow"]
[WhiteTeamCountry "GER"]
[BlackTeamCountry "GER"]

1. d4 Nf6 2. Nf3 g6 3. c4 Bg7 4. Nc3 0-0 5. e4 d6 6. Be2 e5 7. 0-0 Nc6 8. d5 Ne7 9. Ne1 Ne8 10. Nd3 f5 11. f4 c6 12. fxe5 dxe5 13. Nf2 cxd5 14. cxd5 Nd6 15. Bg5 Bd7 16. Qb3 h6 17. Be3 b6 18. a4 f4 19. Bd2 Kh7 20. a5 bxa5 21. Qa3 Qb6 22. Ncd1 a4 23. Bb4 Nec8 24. Bc5 Qb7 25. Nc3 Rf6 26. Nxa4 h5 27. Qb4 Qxb4 28. Bxb4 Bb5 29. Bxb5 Nxb5 30. Nd3 Rf7 31. Bc5 Ncd6 32. Rfe1 Re8 33. Nc3 f3 34. Ra6 Nxc3 35. bxc3 Nb5 36. c4 Nd4 37. Rxa7 Ref8 38. Bxd4 exd4 39. Rxf7 Rxf7 40. Rf1 Bh6 41. gxf3 Ra7 42. Rd1 1-0

[Event "Mecklenburg VP VL 1213"]
[Site "Mecklenburg VP"]
[Date "2012.11.11"]
[Round "2.1"]
[White "Moeller, Peter"]
[Black "Seiler, Dirk"]
[Result "1/2-1/2"]
[WhiteElo "1975"]
[BlackElo "2076"]
[PlyCount "51"]
[EventDate "2012.10.14"]
[EventType "team-tourn"]
[EventRounds "9"]
[EventCountry "GER"]
[SourceTitle "EXT 2022"]
[Source "ChessBase"]
[SourceDate "2021.10.06"]
[SourceVersion "1"]
[SourceVersionDate "2021.10.06"]
[SourceQuality "1"]
[WhiteTeam "Rostock HSG Uni"]
[BlackTeam "Guestrow/Teterow"]
[WhiteTeamCountry "GER"]
[BlackTeamCountry "GER"]

1. e4 e6 2. d3 d5 3. Nd2 c5 4. Ngf3 Nf6 5. g3 Be7 6. Bg2 0-0 7. 0-0 Nc6 8. Re1 Qc7 9. e5 Nd7 10. Qe2 b5 11. Nf1 a5 12. h4 b4 13. Bf4 Ba6 14. Ne3 Nb6 15. h5 h6 16. Ng4 c4 17. Qd2 c3 18. bxc3 bxc3 19. Qc1 Nd7 20. Nf6+ Kh8 21. Nxd7 Qxd7 22. Bxh6 gxh6 23. Qxh6+ Kg8 24. Re4 f5 25. Qg6+ Kh8 26. Qh6+ 1/2-1/2

[Event "Mecklenburg VP LL2 West 1112"]
[Site "Mecklenburg VP"]
[Date "2012.02.26"]
[Round "7.1"]
[White "Martens, Rolf Dieter"]
[Black "Seiler, Dirk"]
[Result "1/2-1/2"]
[WhiteElo "1862"]
[BlackElo "2067"]
[PlyCount "35"]
[EventDate "2011.10.02"]
[EventType "team-tourn"]
[EventRounds "9"]
[EventCountry "GER"]
[SourceTitle "EXT 2022"]
[Source "ChessBase"]
[SourceDate "2021.10.06"]
[SourceVersion "1"]
[SourceVersionDate "2021.10.06"]
[SourceQuality "1"]
[WhiteTeam "Schwerin SV Einheit"]
[BlackTeam "Guestrow/Teterow"]
[WhiteTeamCountry "GER"]
[BlackTeamCountry "GER"]

1. e4 c5 2. Nf3 a6 3. d4 cxd4 4. Nxd4 Nf6 5. Nc3 e5 6. Nb3 Bb4 7. Bd2 0-0 8. Bd3 Bxc3 9. Bxc3 Nc6 10. 0-0 d5 11. exd5 Nxd5 12. Bd2 Nf4 13. Be4 Qf6 14. Qf3 Qg5 15. Kh1 Bf5 16. Bxf5 Qxf5 17. g3 Qh3 18. Bxf4 1/2-1/2

[Event "Mecklenburg VP LL2 West 1112"]
[Site "Mecklenburg VP"]
[Date "2011.12.11"]
[Round "4.1"]
[White "Seiler, Dirk"]
[Black "Stadler, Bertino"]
[Result "1-0"]
[WhiteElo "2067"]
[BlackElo "1692"]
[PlyCount "63"]
[EventDate "2011.10.02"]
[EventType "team-tourn"]
[EventRounds "9"]
[EventCountry "GER"]
[SourceTitle "EXT 2022"]
[Source "ChessBase"]
[SourceDate "2021.10.06"]
[SourceVersion "1"]
[SourceVersionDate "2021.10.06"]
[SourceQuality "1"]
[WhiteTeam "Guestrow/Teterow"]
[BlackTeam "Kuehlungsborn SV Empor"]
[WhiteTeamCountry "GER"]
[BlackTeamCountry "GER"]

1. d4 Nf6 2. Nf3 e6 3. Bg5 Be7 4. Nbd2 d5 5. e3 Nbd7 6. Bd3 h6 7. Bh4 b6 8. 0-0 Bb7 9. c3 Ne4 10. Bxe7 Qxe7 11. Qc2 Nxd2 12. Nxd2 0-0 13. f4 c5 14. Qd1 f5 15. Nf3 a5 16. Qe2 c4 17. Bc2 b5 18. Kh1 g6 19. Rg1 Rf7 20. g4 Rg7 21. Rg3 Kf7 22. gxf5 exf5 23. Rag1 Rag8 24. Qg2 Qf6 25. Ne5+ Nxe5 26. fxe5 Qb6 27. Bxf5 g5 28. Rf3 Ke7 29. Bg4 Rh8 30. Rf6 Qc7 31. Qf2 Bc8 32. Bh5 1-0

[Event "Mecklenburg VP LL2 West 1112"]
[Site "Mecklenburg VP"]
[Date "2011.11.20"]
[Round "3.1"]
[White "Seiler, Dirk"]
[Black "Schmidt, Joerg"]
[Result "1/2-1/2"]
[WhiteElo "2067"]
[BlackElo "1906"]
[PlyCount "52"]
[EventDate "2011.10.02"]
[EventType "team-tourn"]
[EventRounds "9"]
[EventCountry "GER"]
[SourceTitle "EXT 2022"]
[Source "ChessBase"]
[SourceDate "2021.10.06"]
[SourceVersion "1"]
[SourceVersionDate "2021.10.06"]
[SourceQuality "1"]
[WhiteTeam "Guestrow/Teterow"]
[BlackTeam "Malchow Schachinsel"]
[WhiteTeamCountry "GER"]
[BlackTeamCountry "GER"]

1. d4 d5 2. c4 c6 3. Nc3 Nf6 4. Nf3 e6 5. cxd5 exd5 6. Qc2 Be7 7. Bg5 Be6 8. e3 Nbd7 9. Bd3 h6 10. Bh4 a6 11. 0-0 0-0 12. Rab1 c5 13. dxc5 Nxc5 14. Bf5 Rc8 15. Nd4 Nfe4 16. Bxe7 Qxe7 17. Qe2 Nxc3 18. bxc3 Ne4 19. Nxe6 fxe6 20. Bxe4 dxe4 21. Qg4 b5 22. Rb4 Rxc3 23. Rxe4 Rf6 24. h4 Qf7 25. Rd4 Qc7 26. Rfd1 Rc1 1/2-1/2

[Event "Leipzig VfB op 16th"]
[Site "Leipzig"]
[Date "2009.04.01"]
[Round "2"]
[White "Seiler, Dirk"]
[Black "Gempe, Thomas"]
[Result "1/2-1/2"]
[WhiteElo "2013"]
[BlackElo "2323"]
[PlyCount "38"]
[EventDate "2009.03.31"]
[EventType "swiss"]
[EventRounds "9"]
[EventCountry "GER"]
[SourceTitle "EXT 2010"]
[Source "ChessBase"]
[SourceDate "2010.11.25"]
[SourceVersion "1"]
[SourceVersionDate "2010.11.25"]
[SourceQuality "1"]

1. d4 Nf6 2. c4 g6 3. Nc3 d5 4. cxd5 Nxd5 5. e4 Nxc3 6. bxc3 Bg7 7. Bc4 c5 8. Be3 0-0 9. Ne2 Nc6 10. 0-0 Bg4 11. f3 Na5 12. Bd3 cxd4 13. cxd4 Be6 14. d5 Bxa1 15. Qxa1 f6 16. Bh6 Re8 17. Kh1 b6 18. Nf4 Bf7 19. Bb5 Qd6 1/2-1/2

[Event "Leipzig VfB op 12th"]
[Site "Leipzig"]
[Date "2005.03.05"]
[Round "7"]
[White "Seiler, Dirk"]
[Black "Bader, Dominic"]
[Result "1-0"]
[WhiteElo "1961"]
[BlackElo "2108"]
[PlyCount "76"]
[EventDate "2005.01.03"]
[EventType "swiss"]
[EventRounds "9"]
[EventCountry "GER"]
[SourceTitle "EXT 2008"]
[Source "ChessBase"]
[SourceDate "2007.11.25"]
[SourceVersion "1"]
[SourceVersionDate "2007.11.25"]
[SourceQuality "1"]

1. d4 Nf6 2. c4 g6 3. Nc3 Bg7 4. e4 d6 5. f3 0-0 6. Be3 e5 7. d5 c6 8. Bd3 b5 9. cxb5 cxd5 10. exd5 e4 11. fxe4 Ng4 12. Qd2 Nxe3 13. Qxe3 f5 14. Nf3 fxe4 15. Bxe4 Bg4 16. 0-0 Nd7 17. Kh1 Nc5 18. Bc2 Qd7 19. a4 Rae8 20. Qd2 Bxf3 21. gxf3 Qh3 22. Qg2 Qh4 23. Rab1 Be5 24. Ne4 Nxe4 25. Bxe4 Rf4 26. Rbc1 Qh6 27. Qd2 Qh5 28. Rf2 Ref8 29. Rg1 Qh4 30. Rfg2 R8f6 31. Qd3 Qh5 32. Qc2 Rh4 33. a5 Rxf3 34. Bxg6 hxg6 35. Rxg6+ Qxg6 36. Qxg6+ Kf8 37. Qg8+ Ke7 38. Qe6+ Kd8 1-0

[Event "Rostock  PSV op 04th"]
[Site "Rostock"]
[Date "2004.08.28"]
[Round "5"]
[White "Reschke, Heiko"]
[Black "Seiler, Dirk"]
[Result "1/2-1/2"]
[WhiteElo "2085"]
[BlackElo "1924"]
[PlyCount "112"]
[EventDate "2004.08.26"]
[EventType "swiss"]
[EventRounds "7"]
[EventCountry "GER"]
[SourceTitle "EXT 2007"]
[Source "ChessBase"]
[SourceDate "2006.11.23"]
[SourceVersion "1"]
[SourceVersionDate "2006.11.23"]
[SourceQuality "1"]

1. c4 e5 2. Nc3 d6 3. g3 Be6 4. Bg2 c6 5. d3 g6 6. Nf3 Bg7 7. 0-0 Ne7 8. Rb1 0-0 9. b4 d5 10. Ng5 Nd7 11. a4 Nf6 12. Ba3 Qd7 13. Qb3 Rfd8 14. b5 Rab8 15. Bxe7 Qxe7 16. bxc6 bxc6 17. Qxb8 Rxb8 18. Rxb8+ Bf8 19. Nxe6 Qxe6 20. cxd5 cxd5 21. Rfb1 Kg7 22. R8b5 e4 23. dxe4 dxe4 24. e3 Qc4 25. R5b3 a5 26. Bf1 Qc8 27. Ne2 Bb4 28. Nd4 Nd7 29. R3b2 Ne5 30. Rc2 Qd7 31. Bb5 Qh3 32. Bf1 Qd7 33. Nb5 Nf3+ 34. Kh1 Qd5 35. h3 Qh5 36. Rc7 Nd2 37. Rbc1 Nxf1 38. Rxf1 Qxh3+ 39. Kg1 h5 40. Rd1 h4 41. Rdd7 hxg3 42. Rxf7+ Kg8 43. Rg7+ Kh8 44. Rh7+ Qxh7 45. Rxh7+ Kxh7 46. fxg3 Kg7 47. Kg2 Kf6 48. g4 Ke5 49. Kf2 Kd5 50. Nc7+ Kc4 51. Ke2 g5 52. Ne6 Be7 53. Kd2 Bf6 54. Nc7 Be5 55. Ne6 Bf6 56. Nc7 Be5 1/2-1/2

[Event "GER-ch U25 op"]
[Site "Willingen"]
[Date "2004.06.04"]
[Round "9"]
[White "Kiener, Georg"]
[Black "Seiler, Dirk"]
[Result "0-1"]
[WhiteElo "2008"]
[BlackElo "1911"]
[PlyCount "126"]
[EventDate "2004.05.30"]
[EventType "swiss"]
[EventRounds "9"]
[EventCountry "GER"]
[SourceTitle "EXT 2005"]
[Source "ChessBase"]
[SourceDate "2004.11.15"]
[SourceVersion "1"]
[SourceVersionDate "2004.11.15"]
[SourceQuality "1"]

1. e4 e6 2. d4 d5 3. e5 c5 4. c3 Nc6 5. Nf3 cxd4 6. cxd4 Bb4+ 7. Bd2 Bxd2+ 8. Qxd2 Nge7 9. Nc3 a6 10. Bd3 0-0 11. 0-0 f5 12. exf6 Rxf6 13. Rac1 b5 14. Bb1 Bd7 15. Rfe1 Qb6 16. Rcd1 Raf8 17. Qd3 g6 18. Rd2 Qc7 19. Ne5 Nxe5 20. Rxe5 Nf5 21. a3 Nd6 22. Re1 Nc4 23. Rde2 Qf4 24. Nd1 Qh4 25. f3 Rf4 26. g3 Qg5 27. Rf2 R4f7 28. Kh1 Qh5 29. f4 g5 30. Rg2 Kh8 31. fxg5 Qxg5 32. Rf2 Qh5 33. Rxf7 Rxf7 34. Rf1 Rxf1+ 35. Qxf1 Kg7 36. Kg2 Nd2 37. Qd3 Qxd1 38. Bc2 Qe1 39. Qxh7+ Kf6 40. Qh8+ Ke7 41. Qg7+ Kd8 42. Qf8+ Kc7 43. Qf4+ Kc6 44. h4 Qe2+ 45. Qf2 Qxf2+ 46. Kxf2 Be8 47. g4 Ne4+ 48. Ke3 Bg6 49. Kf4 Kd6 50. Bd1 Ke7 51. h5 Bh7 52. g5 Bf5 53. Bg4 Bxg4 54. Kxg4 Kf7 55. Kf4 a5 56. Kg4 Nf2+ 57. Kf3 Nd3 58. b3 b4 59. a4 Nc1 60. Kf4 Nxb3 61. Ke5 Nxd4 62. Kxd4 e5+ 63. Kxe5 b3 0-1